IASB Insight (Record no. 118780)

MARC details
000 -LEADER
fixed length control field 00714cas a22002175a 4500
001 - CONTROL NUMBER
control field L122722
008 - FIXED-LENGTH DATA ELEMENTS--GENERAL INFORMATION
fixed length control field 030624c2001 xxkqr p 0 a0eng u
022 1# - INTERNATIONAL STANDARD SERIAL NUMBER
International Standard Serial Number 1474-2667
035 ## - SYSTEM CONTROL NUMBER
System control number (Sirsi) u122722
041 0# - LANGUAGE CODE
Language code of text/sound track or separate title eng
110 2# - MAIN ENTRY--CORPORATE NAME
Corporate name or jurisdiction name as entry element International Accounting Standards Committee
245 ## - TITLE STATEMENT
Title IASB Insight
Remainder of title The Newsletter of the International Accounting Standards Board
260 ## - PUBLICATION, DISTRIBUTION, ETC.
Place of publication, distribution, etc. London
Name of publisher, distributor, etc. IASCF
Date of publication, distribution, etc. 2001-
362 0# - DATES OF PUBLICATION AND/OR SEQUENTIAL DESIGNATION
Dates of publication and/or sequential designation October 2002-January/February 2006
520 ## - SUMMARY, ETC.
Summary, etc. Kept for five years
554 ## -
-- Four per year
651 #4 - SUBJECT ADDED ENTRY--GEOGRAPHIC NAME
Geographic name United Kingdom
Chronological subdivision
690 ## - LOCAL SUBJECT ADDED ENTRY--TOPICAL TERM (OCLC, RLIN)
Topical term or geographic name as entry element MANAGEMENT-BUSINESS MANAGEMENT-PROFESSIONAL PRACTICE
710 2# - ADDED ENTRY--CORPORATE NAME
Corporate name or jurisdiction name as entry element International Accounting Standards Committee Foundation
9 (RLIN) 4618
942 ## - ADDED ENTRY ELEMENTS (KOHA)
Suppress in OPAC 0
Holdings
Withdrawn status Lost status Source of classification or shelving scheme Damaged status Not for loan Home library Current library Shelving location Date acquired Total Checkouts Full call number Barcode Date last seen Price effective from Koha item type
    Dewey Decimal Classification     London London Gallery 19/04/2005   IASB INSIGHT 122722-1001 06/08/2019 06/08/2019 Journal